Academic reading and writing in college / (Record no. 48388)
[ view plain ]
| 000 -LEADER | |
|---|---|
| fixed length control field | 00738nam a2200205Ia 4500 |
| 008 - FIXED-LENGTH DATA ELEMENTS--GENERAL INFORMATION | |
| fixed length control field | 140321s9999 xx 000 0 und d |
| 020 ## - INTERNATIONAL STANDARD BOOK NUMBER | |
| International Standard Book Number | 9710412372 |
| 050 ## - LIBRARY OF CONGRESS CALL NUMBER | |
| Classification number | PE 1478 |
| Item number | .M547 2012 |
| 100 ## - MAIN ENTRY--PERSONAL NAME | |
| Personal name | Menoy, Jesus Z. |
| 245 ## - TITLE STATEMENT | |
| Title | Academic reading and writing in college / |
| Statement of responsibility, etc | Jesus Z. Menoy, Jennifer T. Lazo, Florita S. Aquino, [et.al]� |
| 260 ## - PUBLICATION, DISTRIBUTION, ETC. (IMPRINT) | |
| Place of publication, distribution, etc | Mandaluyong City : |
| Name of publisher, distributor, etc | Books Atpb. Pub., |
| Date of publication, distribution, etc | c2012. |
| 300 ## - PHYSICAL DESCRIPTION | |
| Extent | 339 p. : |
| Dimensions | 22 cm. |
| 500 ## - GENERAL NOTE | |
| General note | Includes bibliographical references. |
| 521 ## - TARGET AUDIENCE NOTE | |
| Target audience note | |
| 650 ## - SUBJECT ADDED ENTRY--TOPICAL TERM | |
| Topical term or geographic name as entry element | Academic writing. |
| General subdivision | Problems, exercises, etc. |
| 650 ## - SUBJECT ADDED ENTRY--TOPICAL TERM | |
| Topical term or geographic name as entry element | English language |
| General subdivision | Rhetoric --Problems, exercises, etc. |
| 650 ## - SUBJECT ADDED ENTRY--TOPICAL TERM | |
| Topical term or geographic name as entry element | Research |
| General subdivision | Methodology --Problems, exercises, etc. |
| 942 ## - ADDED ENTRY ELEMENTS (KOHA) | |
| Call number prefix | Local |
| Koha item type | Books |
| Withdrawn status | Lost status | Damaged status | Home library | Current library | Shelving location | Date acquired | Total Checkouts | Full call number | Barcode | Date last seen | Price effective from | Koha item type |
|---|---|---|---|---|---|---|---|---|---|---|---|---|
| College Library | College Library | Reserve Section | 03/21/2014 | PE 1478 .M547 2012 | C17671 | 05/15/2018 | 03/21/2014 | Books |